El campo de la investigación cualitativa (Record no. 12495)

MARC details
000 -LEADER
campo de control de longitud fija 02310nam a2200301 c 4500
001 - NÚMERO DE CONTROL
campo de control 991036627769708606
003 - IDENTIFICADOR DE NÚMERO DE CONTROL
campo de control OSt
005 - FECHA Y HORA DE LA ÚLTIMA TRANSACCIÓN
campo de control 20250211114012.0
008 - DATOS DE LONGITUD FIJA--INFORMACIÓN GENERAL
campo de control de longitud fija 250211b2012 sp ad|||dp||i |0| 0dspa d
010 ## - NÚMERO DE CONTROL DE LA BIBLIOTECA DEL CONGRESO
Número de control de LC 978-84-9784-308-9
035 ## - NÚMERO DE CONTROL DEL SISTEMA
Número de control de sistema (OCoLC)828278412
035 ## - NÚMERO DE CONTROL DEL SISTEMA
Número de control de sistema (SpMaBN)a5235722
040 ## - FUENTE DE CATALOGACIÓN
Centro catalogador/agencia de origen aSpMaBN
Lengua de catalogación spa
Centro/agencia transcriptor cSpMaBN
Normas de descripción rda
082 04 - NÚMERO DE LA CLASIFICACIÓN DECIMAL DEWEY
Número de clasificación 370.072/N842c
Información de edición 21
210 ## - TÍTULO ABREVIADO
Título abreviado Barcelona
245 ## - MENCIÓN DEL TÍTULO
Título El campo de la investigación cualitativa
Mención de responsabilidad, etc. cNorman K. Denzin e Yvonna S. Lincoln (coords.) ; [traducción, Cecilia Pavón]
260 ## - PUBLICACIÓN, DISTRIBUCIÓN, ETC.
Lugar de publicación, distribución, etc. Barcelona $bGedisa
Fecha de publicación, distribución, etc. 2012
300 ## - DESCRIPCIÓN FÍSICA
Extensión 370 p.
Dimensiones $c24 cm
410 #4 - MENCIÓN DE SERIE/PUNTO DE ACCESO ADICIONAL--ENTIDAD CORPORATIVA [OBSOLETO, CAN/MARC], [LOCAL, USA]
Nombre de entidad corporativa o nombre de jurisdicción como elemento de entrada The sage handbook of qualitative research
Lenguaje de la obra Español
Designación de número de volumen o secuencia v. 1
490 ## - MENCIÓN DE SERIE
Materiales especificados Manual de investigación cualitativa $vv. 1
Mención de serie Herramientas universitarias
505 ## - NOTA DE CONTENIDO CON FORMATO
Nota de contenido con formato Prólogo a la edición en castellano. De las nuevas formas de conocer y de producir conocimiento Irene Vasilachis de Gialdino…11 Prefacio…23 1. Introducción general. La investigación cualitativa como disciplina y como práctica Norman K. Denzin y Yvonna S. Lincoln..43 Introducción al Volumen I. Definición del campo. <br/>103… 2. La reforma de las ciencias sociales y de las universidades a través de la investigación-acción Davydd J. Greenwood y Morten Levin..117..3. Estudios composicionales, en dos partes. Sobre la teorización y el análisis críticos acerca de la (in)justicia social . Michelle Fine y Lois Weis..155 .4. Caminando sobre terreno resbaladizo. La investigación de los pueblos nativos en la era de la incertidumbre Linda Tuhiwai Smith 190 5. Hacia una investigación libre de la dominación 5. Mocolonial. El enfoque kaupapa mãorí en la creación de conocimiento. Obispo Russell..231- 6. La ética y la política en la investigación cualitativa. Clifford G. Cristianos .... 283 - 7. Los Comités de Conducta Ética y el conservadurismo metodológico. Los cuestionamientos del paradigma <br/>fenomenológico Yvonna S. Lincoln..332 - Los compiladores del Manual, Norman K. Denzin e Yvonna S. Lincoln..365 - Los autores del Volumen I..367 <br/>
650 ## - PUNTO DE ACCESO ADICIONAL DE MATERIA--TÉRMINO DE MATERIA
Término de materia o nombre geográfico como elemento de entrada Investigación cualitativa
700 ## - ENTRADA AGREGADA--NOMBRE PERSONAL
Nombre de persona Denzin, Norman K. $edirector de publicación $d1944-
700 ## - ENTRADA AGREGADA--NOMBRE PERSONAL
Nombre de persona Lincoln, Yvonna S. $edirector de publicación $4pbd
901 ## - ELEMENTOS DE DATOS A LOCAL LDA (RLIN)
a MON1210
942 ## - ELEMENTOS DE ENTRADA SECUNDARIOS (KOHA)
Fuente de la clasificación o esquema de estantería Clasificación Decimal Dewey
Tipo de ítem Koha Libros
Suprimir en OPAC No
956 ## - LOCALIZACIÓN Y ACCESO ELECTRÓNICOS LOCAL (OCLC)
Nombre del host 2
Holdings
Estatus retirado Estado de pérdida Fuente de la clasificación o esquema de estantería Estado de daño No para préstamo Biblioteca de origen Biblioteca actual Fecha de adquisición Total de préstamos Visto por última vez Precio de reemplazo Tipo de ítem Koha
    Clasificación Decimal Dewey     Biblioteca IDEICE Biblioteca IDEICE 11/02/2025   11/02/2025 11/02/2025 Libros

© 2024. Todos los Derechos Reservados. Desarrollado por IDEICE